| 000 | 00602nam a2200193 u 4500 | ||
|---|---|---|---|
| 005 | 20240228063916.0 | ||
| 008 | 080311s2007 r 000 0 eng d | ||
| 020 | _a1404266224 | ||
| 035 | _aUPN01000154951 | ||
| 049 | _aI | ||
| 050 | 4 |
_aPZ71 _bS5.24 |
|
| 100 | 1 |
_aShea, Therese, _d1978- _933610 |
|
| 245 | 1 | 0 |
_aDigger toma un baño / _cTherese Shea ; tr. José María Obregón. |
| 260 |
_aNew York : _bRosen Classroom Books & Materials, _cc2007. |
||
| 300 |
_a12 p. : _bprincipalmente il. col. |
||
| 440 | 0 | _aLecturas del barrio | |
| 650 | 4 |
_aLibros y lectura para niños _92290 |
|
| 905 | _aInfantil | ||
| 999 |
_c127067 _d127067 |
||